000 00667nam a2200217 a 4500
001 000043813
005 20230519124900.0
008 140506s2013 pn a 000 0 spa d
020 _a9962522161
040 _aDO-SdBNP
_bspa
_cBNPHU
040 _aDO-SdBNP
_bspa
_cBNPHU
082 _aPN863.5
_bG586d
100 1 _aGómez P., Juan Antonio
_971656
245 1 0 _aDel Tiempo y la Memoria. /
_cJuan Antonio Gómez P.
250 _a4a. ed.
260 _aPanamá, :
_bPortobelo,
_c2013.
300 _a165 p. ;
_c21 cm.
500 _aIncluye datos biografícos del autor en la contraportada.
650 4 _aLiteratura panameña
_94261
650 4 _aCuentos panameños
_918046
999 _c43302
_d43302